Memorias visuales: arte contemporáneo en Chile

Đã lưu trong:
Chi tiết về thư mục
Tác giả chính: Valdés, Adriana (Tác giả)
Định dạng: Sách
Ngôn ngữ:Tiếng Tây Ban Nha
Được phát hành: Santiago Metales Pesados 2006
Phiên bản:1a. ed
Những chủ đề:
Các nhãn: Thêm thẻ
Không có thẻ, Là người đầu tiên thẻ bản ghi này!

MARC

LEADER 00000cam a2200000 a 4500
001 UCI0413
003 CL-VaPUC
008 070511e20061200CL |||||||||||||||||spa|d
020 |a 9568415084 
082 0 4 |a 709.83  |b VAL  |2 21 
100 0 |a Valdés, Adriana  |e author  |9 520529 
245 1 0 |a Memorias visuales: arte contemporáneo en Chile 
250 |a 1a. ed 
300 |a 432 p 
942 |c BK 
945 |d 20070511 00:00:00  |a cmena 
260 |a Santiago  |b Metales Pesados  |c 2006 
650 0 |a Arte chileno   |9 369871 
650 0 |a Estilos artísticos  |9 340996 
650 0 |a Arte contemporáneo  |9 338008 
650 0 |a Artes visuales  |9 336870 
650 0 |a Historia del arte  |9 314877 
583 |a last modification  |c 20140519 01:32:36  |k Rodrigo Vera 
999 |c 325580  |d 325578 
952 |0 0  |1 0  |4 0  |6 709_830000000000000_VAL_2006  |7 0  |8 A  |9 406571  |a BIBART  |b BIBART  |d 2019-11-22  |i 4625005  |l 5  |o 709.83 VAL 2006  |p 4625005  |r 2025-03-13  |s 2024-09-30  |w 2019-11-22  |y BK  |k ART 
952 |0 0  |1 0  |3 erb  |4 0  |6 709_830000000000000_VAL_2006  |7 0  |8 A  |9 406572  |a BIBART  |b BIBART  |i 5075203  |l 5  |m 1  |o 709.83 VAL 2006  |p 5075203  |r 2025-04-23  |s 2025-04-23  |w 2019-11-22  |y BK  |z Catalogado en:20140526  |k ART